| 000 | 00616pam a2200229 a 4500 | ||
|---|---|---|---|
| 001 | 1387235 | ||
| 005 | 20180117041552.0 | ||
| 008 | 820126s1982 nyu b 001 0 eng | ||
| 010 | _a 82000434 | ||
| 020 |
_a003058647X : _c$24.95 |
||
| 040 |
_aDLC _cDLC _dDLC |
||
| 041 | _aeng | ||
| 043 | _an-us--- | ||
| 080 | _a362.582 MAR | ||
| 082 | 0 | 0 |
_a362.582 MAR _219 |
| 100 | 1 | _a56 | |
| 101 | _aFIN | ||
| 245 | 1 | 0 |
_aIncome maintenance and work incentives : _cMartha N. Ozawa. |
| 504 | _aBibliography: p. 251-268. | ||
| 906 |
_a7 _bcbc _corignew _d1 _eocip _f19 _gy-gencatlg |
||
| 942 |
_2ddc _cBK |
||
| 999 |
_c40422 _d40422 |
||